Focus sur: Baron Sanglant - Harry Potter - Statistiques

Statistiques générales
  • Ce quiz a été pris 427 fois
  • Le résultat moyen est 6 sur 7
Statistiques - réponses
Informations recherchées Réponses % Correct
Lieu de rencontre avec Harry Potter Grande Salle de Poudlard
99%
Ecole fréquentée Poudlard
99%
Statut du sang Sang-Pur
99%
Maison fréquentée Serpentard
99%
Espèce Fantôme
98%
Première apparition Harry Potter à l'école des sorciers
98%
Acteur l'interprétant dans les films Terence Bayler
19%
Aucun quiz correspondant
Distribution des résultats
% des personnes avec chaque résultat
Percentile par nombre de réponses
Votre historique - résultats
Vous n’avez pas pris ce quiz